<?xml version="1.0" encoding="UTF-8"?>
<record
    xmlns:xsi="http://www.w3.org/2001/XMLSchema-instance"
    xsi:schemaLocation="http://www.loc.gov/MARC21/slim http://www.loc.gov/standards/marcxml/schema/MARC21slim.xsd"
    xmlns="http://www.loc.gov/MARC21/slim">

  <leader>01217nam0a2200277   4500</leader>
  <controlfield tag="001">RU\NLR\BIBL_A\011712324</controlfield>
  <controlfield tag="005">20250626114030.0</controlfield>
  <datafield tag="035" ind1=" " ind2=" ">
    <subfield code="a">(NLR Aleph) 011712324</subfield>
  </datafield>
  <datafield tag="090" ind1=" " ind2=" ">
    <subfield code="a">13417051</subfield>
    <subfield code="c">13417051</subfield>
  </datafield>
  <datafield tag="100" ind1=" " ind2=" ">
    <subfield code="a">20180524d1913    |||y0rusy50      ca</subfield>
  </datafield>
  <datafield tag="101" ind1="0" ind2=" ">
    <subfield code="a">tat</subfield>
  </datafield>
  <datafield tag="102" ind1=" " ind2=" ">
    <subfield code="a">RU</subfield>
  </datafield>
  <datafield tag="105" ind1=" " ind2=" ">
    <subfield code="a">y   z   000 y</subfield>
  </datafield>
  <datafield tag="200" ind1="1" ind2=" ">
    <subfield code="a">&#x413;&#x430;&#x43D;&#x438; &#x431;&#x430;&#x439;</subfield>
    <subfield code="e">&#x413;&#x430;&#x431;&#x434;&#x435;&#x43B;&#x433;&#x430;&#x43D;&#x438; &#x425;&#x4E9;&#x441;&#x4D9;&#x435;&#x43D;&#x435;&#x432;&#x43D;&#x435;&#x4A3; &#x442;&#x4D9;&#x440;&#x497;&#x435;&#x43C;&#x4D9;&#x438; &#x445;&#x4D9;&#x43B;&#x435;, &#x43C;&#x4D9;&#x43A;&#x442;&#x4AF;&#x431;&#x43B;&#x4D9;&#x440;&#x435; &#x432;&#x4D9; &#x430;&#x43D;&#x44B;&#x4A3; &#x445;&#x430;&#x43A;&#x44B;&#x43D;&#x434;&#x430; &#x445;&#x430;&#x442;&#x438;&#x440;&#x4D9;&#x43B;&#x4D9;&#x440;</subfield>
    <subfield code="f">&#x442;&#x4D9;&#x445;&#x440;&#x438;&#x440; &#x438;&#x442;&#x4AF;&#x447;&#x435;: &#x411;&#x43E;&#x440;&#x4BB;&#x430;&#x43D; &#x428;&#x4D9;&#x440;&#x4D9;&#x444;</subfield>
  </datafield>
  <datafield tag="210" ind1=" " ind2=" ">
    <subfield code="a">&#x41E;&#x440;&#x435;&#x43D;&#x431;&#x443;&#x440;&#x433;</subfield>
    <subfield code="c">"&#x412;&#x430;&#x43A;&#x44B;&#x442;" &#x43C;&#x430;&#x442;&#x431;&#x430;&#x433;&#x430;&#x441;&#x44B;</subfield>
    <subfield code="c">&#x41D;&#x4D9;&#x448;&#x438;&#x440;&#x435;: &#x428;&#x438;&#x440;&#x438;&#x43D;&#x431;&#x430;&#x43D;&#x443; &#x425;&#x4E9;&#x441;&#x4D9;&#x435;&#x43D;&#x435;&#x432;&#x430; &#x4BB;&#x4D9;&#x43C; &#x431;&#x430;&#x43B;&#x430;&#x43B;&#x430;&#x440;&#x44B;</subfield>
    <subfield code="d">1913</subfield>
  </datafield>
  <datafield tag="215" ind1=" " ind2=" ">
    <subfield code="a">307 &#x431;.</subfield>
    <subfield code="d">24</subfield>
  </datafield>
  <datafield tag="300" ind1=" " ind2=" ">
    <subfield code="a">&#x410;&#x440;&#x430;&#x431;. &#x433;&#x440;&#x430;&#x444;&#x438;&#x43A;&#x430;.</subfield>
  </datafield>
  <datafield tag="541" ind1="1" ind2=" ">
    <subfield code="6">z01790</subfield>
    <subfield code="a">[&#x413;&#x430;&#x43D;&#x438; &#x431;&#x430;&#x439;</subfield>
    <subfield code="e">&#x431;&#x438;&#x43E;&#x433;&#x440;&#x430;&#x444;&#x438;&#x44F;, &#x43F;&#x438;&#x441;&#x44C;&#x43C;&#x430; &#x410;&#x431;&#x434;&#x443;&#x43B;&#x433;&#x430;&#x43D;&#x438; &#x425;&#x443;&#x441;&#x430;&#x438;&#x43D;&#x43E;&#x432;&#x430;, &#x432;&#x43E;&#x441;&#x43F;&#x43E;&#x43C;&#x438;&#x43D;&#x430;&#x43D;&#x438;&#x44F; &#x43E; &#x43D;&#x451;&#x43C;].</subfield>
    <subfield code="z">rus</subfield>
  </datafield>
  <datafield tag="686" ind1="1" ind2=" ">
    <subfield code="a">&#x422;3(2)5-8</subfield>
  </datafield>
  <datafield tag="700" ind1=" " ind2="1">
    <subfield code="a">&#x428;&#x4D9;&#x440;&#x4D9;&#x444;</subfield>
    <subfield code="b">&#x411;.</subfield>
    <subfield code="f">1883-1942</subfield>
    <subfield code="g">&#x411;&#x43E;&#x440;&#x4BB;&#x430;&#x43D;</subfield>
    <subfield code="4">070</subfield>
  </datafield>
  <datafield tag="702" ind1=" " ind2="1">
    <subfield code="a">&#x425;&#x4E9;&#x441;&#x4D9;&#x435;&#x43D;&#x435;&#x432;</subfield>
    <subfield code="b">&#x413;.</subfield>
    <subfield code="f">1839-1902</subfield>
    <subfield code="g">&#x413;&#x430;&#x431;&#x434;&#x435;&#x43B;&#x433;&#x430;&#x43D;&#x438;</subfield>
    <subfield code="4">570</subfield>
  </datafield>
  <datafield tag="790" ind1=" " ind2="1">
    <subfield code="6">z01541</subfield>
    <subfield code="a">&#x428;&#x430;&#x440;&#x430;&#x444;</subfield>
    <subfield code="b">&#x411;.</subfield>
    <subfield code="g">&#x411;&#x443;&#x440;&#x433;&#x430;&#x43D;</subfield>
    <subfield code="4">070</subfield>
  </datafield>
  <datafield tag="852" ind1=" " ind2=" ">
    <subfield code="a">NLR</subfield>
    <subfield code="b">&#x41E;&#x41D;&#x41B;</subfield>
    <subfield code="j">&#x422;&#x430;&#x442;&#x430;&#x440;./4-764</subfield>
  </datafield>
  <datafield tag="942" ind1=" " ind2=" ">
    <subfield code="c">BOOK</subfield>
  </datafield>
  <datafield tag="980" ind1=" " ind2=" ">
    <subfield code="a">NB</subfield>
  </datafield>
  <datafield tag="995" ind1=" " ind2=" ">
    <subfield code="5">2018-05-24</subfield>
    <subfield code="b">NLR01</subfield>
    <subfield code="c">NLR01</subfield>
    <subfield code="e">ONL</subfield>
    <subfield code="f">1-1454067</subfield>
    <subfield code="k">&#x41E;&#x41D;&#x41B; &#x422;&#x430;&#x442;&#x430;&#x440;./4-764</subfield>
    <subfield code="o">0</subfield>
    <subfield code="r">BOOK</subfield>
    <subfield code="s">_4764</subfield>
  </datafield>
</record>
